000
00338nam a22001457a 4500
008
230320b ||||| |||| 00| 0 eng d
020
_a
9780816042425
041
_a
eng
080
_a
030
082
_a
030McG
100
_a
42
101
_a
ENCIKLO
245
_a
THE ENCYCLOPEDIA OF 20TH CENTURY ATHLETES
_c
MCGOVERN M
942
_2
udc
_c
BK
999
_c
59404
_d
59404